| 000 | 00802nam a22002651 4500 | ||
|---|---|---|---|
| 001 | 27194 | ||
| 003 | BD-RjUL | ||
| 005 | 20211209051126.0 | ||
| 008 | 140324s1960 enkb 001 0 eng | ||
| 035 | _a(BD-RjUL)27266 | ||
| 035 | _a(OCoLC)399043 | ||
| 040 |
_aDLC _cODaWU _dOCoLC _dUk _dDLC _dBD-RjUL _beng |
||
| 041 | _aeng | ||
| 082 |
_a956.7 _bKHI 1960 |
||
| 100 | 1 |
_aKhadduri, Majid, _d1908- _915520 |
|
| 245 | 1 | 0 |
_aIndependent Iraq, 1932-1958 : _ba study in Iraqi politics / _cMajid Khadduri. |
| 250 | _a2d ed. | ||
| 260 |
_aLondon ; _aNew York : _bOxford University Press, _cc1960. |
||
| 300 |
_avii, 388 p. : _bill., fold. map. ; _c23 cm. |
||
| 504 | _aIncludes index. | ||
| 651 | 0 |
_aIraq _xPolitics and government. _982790 |
|
| 942 |
_2ddc _cBK |
||
| 999 |
_c27194 _d27194 |
||